1650 1937 1691 1519 1403 1988 1059 1214 1032 1155 1565 1461 1088 1055 1943 1741 1779 1839 1566 1175 1044 1618 1032 1568 1733 1989 1771 1946 1133 1446 1548 1669 1865 1796 1865 1398 1134 1012 1849 1232 1304 1879 1670 1934 1826 1880 1566 1701 1054 1860 1468 1827 1274 1770 1420 1705 1222 1798 1408 1695 1110 1608 1122 1105 1805 1094 1223 1876 1761 1621 1647 1904 1909 1762 1433 1551 1031 1219 1467 1329 1290 1545 1344 1011 1067 1285 1957 1584 1891 1182 1802 1868 1893 1986 1411 1631 1738 1214 1598 BCNSPRNW ULIB Ver.6.0+V

เปลี่ยนเป็นภาษาไทย

Change to English
 แสดงรายละเอียดบรรณานุกรม
  กลับหน้าหลัก

Brief Record : Get Marc (ISO 2709) : E-mail record : QR code < ปิดหน้าต่าง
LEADER : 00000nam 2200000uu 4500
001    13399124095
003     ULIB
008    150115s2555||||th 000 0 tha d
020    ^a9786167322445
060  4 ^aWG169^bจ154ศ
100    ^aจรัญ สายะสถิตย์
245    ^aศัลยศาสตร์โรคหัวใจที่พบบ่อย =^bCommon cardiac surgery /^cเรียบเรียงโดย จรัญ สายะสถิตย์
250    ^aพิมพ์ครั้งที่ 1
260    ^aกรุงเทพฯ :^bศูนย์โรคหัวใจ คณะแพทยศาสตร์ มหาวิทยาลัยนเรศวร,^c2555
300    ^a136 หน้า;^b29.5 ซม.
650    ^aโรคหัวใจ^xศัลยศาสตร์
710    ^aมหาวิทยาลัยนเรศวร.^bคณะแพทยศาสตร์.^bศูนย์โรคหัวใจ
945    ^p250^l0^i038267
945    ^p250^l0^i038268
945    ^p250^l0^i038269
945    ^p250^l0^i038270
945    ^p250^l0^i038271
945    ^p250^l0^i038272
945    ^p250^l0^i038273
945    ^p250^l0^i038274
999    ^aกมลทิพย์ ธนสารสุธี
รายการนี้ยังไม่มีแท็ก
คุณยังไม่ได้ล็อกอิน คุณสามารถมีกิจกรรมร่วมกับเว็บไซต์ได้ แต่ต้องล็อกอินก่อน ::
  ล็อกอิน

รายการสื่อสารสนเทศ

ลำดับที่ ประเภท เลขเรียก/บาร์โค้ด สถานที่ สถานะ
1. วิทยาศาสตร์การแพทย์ และสุขภาพ
หนังสือสำรอง
สถานะ=หนังสือสำรอง
WG169 จ154ศ ฉ.1 
  Barcode: 038267
ห้องสมุดวิทยาเขตสวรรค์ประชารักษ์
►ส่วนจัดเก็บหนังสือเก่า สปร
บนชั้น
  ขอยืม
2. วิทยาศาสตร์การแพทย์ และสุขภาพ
วิทยาศาสตร์การแพทย์ และสุขภาพ
WG169 จ154ศ ฉ.2 
  Barcode: 038268
ห้องสมุดวิทยาเขตสวรรค์ประชารักษ์
►ส่วนจัดเก็บหนังสือเก่า สปร
บนชั้น
  ขอยืม
3. วิทยาศาสตร์การแพทย์ และสุขภาพ
วิทยาศาสตร์การแพทย์ และสุขภาพ
WG169 จ154ศ ฉ.3 
  Barcode: 038269
ห้องสมุดวิทยาเขตสวรรค์ประชารักษ์
►ส่วนจัดเก็บหนังสือเก่า สปร
บนชั้น
  ขอยืม
4. วิทยาศาสตร์การแพทย์ และสุขภาพ
วิทยาศาสตร์การแพทย์ และสุขภาพ
WG169 จ154ศ ฉ.4 
  Barcode: 038270
ห้องสมุดวิทยาเขตสวรรค์ประชารักษ์
►ส่วนจัดเก็บหนังสือเก่า สปร
บนชั้น
  ขอยืม
5. วิทยาศาสตร์การแพทย์ และสุขภาพ
วิทยาศาสตร์การแพทย์ และสุขภาพ
WG169 จ154ศ ฉ.5 
  Barcode: 038271
ห้องสมุดวิทยาเขตสวรรค์ประชารักษ์
►ส่วนจัดเก็บหนังสือเก่า สปร
บนชั้น
  ขอยืม
6. วิทยาศาสตร์การแพทย์ และสุขภาพ
วิทยาศาสตร์การแพทย์ และสุขภาพ
WG169 จ154ศ ฉ.6 
  Barcode: 038272
ห้องสมุดวิทยาเขตสวรรค์ประชารักษ์
►ส่วนจัดเก็บหนังสือเก่า สปร
บนชั้น
  ขอยืม
7. วิทยาศาสตร์การแพทย์ และสุขภาพ
วิทยาศาสตร์การแพทย์ และสุขภาพ
WG169 จ154ศ ฉ.7 
  Barcode: 038273
ห้องสมุดวิทยาเขตสวรรค์ประชารักษ์
►ส่วนจัดเก็บหนังสือเก่า สปร
บนชั้น
  ขอยืม
8. วิทยาศาสตร์การแพทย์ และสุขภาพ
วิทยาศาสตร์การแพทย์ และสุขภาพ
WG169 จ154ศ ฉ.8 
  Barcode: 038274
ห้องสมุดวิทยาเขตสวรรค์ประชารักษ์
►ส่วนจัดเก็บหนังสือเก่า สปร
บนชั้น
  ขอยืม

รายการใกล้เคียง
    ผู้แต่ง [จรัญ สายะสถิตย์]

BibComment


ยังไม่เคยถูกคอมเมนท์

คอมเมนท์ทรัพยากรรายการนี้
  คอมเมนท์: ศัลยศาสตร์โรคหัว..


 Copyright 2026. Bcnsprnw @Library